| 000 | 00361nam a2200157Ia 4500 | ||
|---|---|---|---|
| 100 | _aRobbins/Arnold/ Beebe/N | ||
| 650 | _aunix | ||
| 942 | _cBK | ||
| 366 | _f20 | ||
| 245 | _aClassic shell scripting: Automate your unix tasks | ||
| 260 |
_bShroff Publishers _c2005 |
||
| 082 |
_a5.133 _bROB |
||
| 300 | _a534 | ||
| 546 |
_aENGLISH _cComputers |
||
| 999 |
_c30032 _d30032 |
||